Logo BPK

Biblioteka

Politechniki Koszalińskiej

Discrete mathematics and its applications / (Rekord nr 54508)

Szczegóły MARC
000 -ETYKIETA REKORDU
podpole kontrolne o stałej długości 00766nam a2200253 i 4500
001 - NUMER KONTROLNY REKORDU
pole kontrolne bg
020 ## - MIĘDZYNARODOWY ZNORMALIZOWANY NUMER KSIĄŻKI - ISBN
ISBN 9780071244749
040 ## - ŹRÓDŁO KATALOGOWANIA
Instytucja, która utworzyła rekord BPK
041 0# - KOD JĘZYKA
Kod języka tekstu pol
044 ## - KOD KRAJU WYDAWCY/PRODUCENTA
Kod kraju wydawcy/producenta USA
080 ## - UNIWERSALNA KLASYFIKACJA DZIESIĘTNA - UKD
UKD 51(075.8)
920 ## - Międzynarodowy znormalizowany numer książki – ISBN
ISBN 978-007-124474-9
008 - POLE O STAŁEJ DŁUGOŚCI - DANE KONTROLNE
podpole kontrolne o stałej długości s pl f |000 0 pol
100 1# - NAZWA OSOBOWA
Nazwa osobowa Rosen, Kenneth H.
245 10 - TYTUŁ/ODPOWIEDZIALNOŚĆ
Tytuł Discrete mathematics and its applications /
Pozostałe elementy strefy tytułu i oznaczenia odpowiedzialności Kenneth H. Rosen.
250 ## - STREFA WYDANIA
Oznaczenie wydania 6th ed.
260 ## - STREFA ADRESU WYDAWNICZEGO
Miejsce wydania Boston [et al.] :
Nazwa wydawcy/dystrybutora McGraw Hill,
Data publikacji, dystrybucji/powstania dokumentu 2007.
300 ## - STREFA OPISU FIZYCZNEGO
Objętość XXII, 843 s. :
Inne cechy fizyczne il.
Rozmiary 26 cm.
504 ## - UWAGA DOTYCZĄCA BIBLIOGRAFII
Informacje o bibliografii Indeks
650 #9 - HASŁO PRZEDMIOTOWE W FORMIE NAZWY OGÓLNEJ LUB JEDNOSTKOWEJ
Nazwa ogólna lub geograficzna Matematyka
Określnik ogólny stosowanie
655 ## - TERMIN INDEKSOWY - OKREŚLENIE RODZAJU/FORMY DOKUMENTU
Określenie rodzaju/formy dokumentu Podręczniki akademickie
856 ## - LOKALIZACJA I DOSTĘP DO ELEKTRONICZNYCH DOKUMENTÓW ZDALNYCH
Link (URL) http://koha.tu.koszalin.pl/cgi-bin/koha/opac-detail.pl?biblionumber=54508
Tekst linku Katalog online BPK
942 ## - DODATKOWE ELEMENTY (KOHA)
Typ dokumentu Książka
Egzemplarze
Wycofany Status egzemplarza Uszkodzony Dostępność Lokalizacja stała Lokalizacja bieżąca Miejsce przechowywania Sygnatura Kod kreskowy Typ dokumentu
      Dostępny Biblioteka Politechniki Koszalińskiej Biblioteka Politechniki Koszalińskiej Wypożyczalnia BG 86004 02404516 Książka
© 2023 Biblioteka Politechniki Koszalińskiej :: KOHA